000 01577cam a2200241 4500
001 ABS66464
008 030218n2003 000 0 eng u
035 _a(Sirsi) u121372
100 _aEastman, C.
245 4 _aThe value of standing advice
260 _c2003
490 _aPlanning (for the Natural and Built Environment)
_v(1510) 14 February 2003, 18(1)
520 _aHighlights the role of the Environment Agency in the planning system and looks at the Agency's review of its planning consultation procedures. The Planning and Compulsory Purchase Bill places a duty on statutory consultees to respond to consultations within 21 days, and a review of the General Development Procedure Order 1995 (GDPO) is also expected. The Environment Agency is streamlining its procedures to cope with the 21 day response and advocates that the GDPO is revised to ensure that the agency is a statutory consultee for all development that poses a high environmental risk. In addition, the Environment Agency plans to use standing advice to respond to applications with low environmental risk. Expands on the use, scope and benefits of standing advice and concludes that standing advice should be clear, concise and non-technical.
590 _aABS
650 _aENVIRONMENT AGENCY
650 _aTOWN AND COUNTRY PLANNING (GENERAL DEVELOPMENT PROCEDURE) ORDER 1995
650 _aCONSULTATION PROCEDURES
650 _aENVIRONMENTAL RISK
650 _aPLANNING APPLICATIONS
650 _aPLANNING AND COMPULSORY PURCHASE ACT 2004
690 _aPLANNING-PRACTICE
942 _n0
999 _c72125
_d72125